Malaysian Plastics Industry directory 2011/ 2012.
| Corporate Author: | |
|---|---|
| Format: | Book |
| Published: |
Petaling Jaya:
Malaysian Plastics Manufacturers Association (MPMA),
2011.
|
| Subjects: |
| LEADER | 00534cam a2200145 7i4500 | ||
|---|---|---|---|
| 001 | 0000027376 | ||
| 005 | 20111215090000.0 | ||
| 090 | 0 | 0 | |a P 338.476684 |b MAL |
| 110 | 2 | 0 | |a Malaysian Plastics Manufacturers Association (MPMA) |
| 245 | 2 | 0 | |a Malaysian Plastics Industry directory 2011/ 2012. |
| 260 | 0 | 0 | |a Petaling Jaya: |b Malaysian Plastics Manufacturers Association (MPMA), |c 2011. |
| 300 | # | # | |a 280 p. |
| 650 | 0 | 0 | |a Plastic industry -- |x Directories -- |z Malaysia |
| 651 | 0 | 0 | |a Malaysia |
| 999 | |a 0000029656 |b Directories |c Products |e Business Information Centre | ||